000 01395cam a22004097a 4500
003 CHAP
005 20220817044030.0
008 050622s2005 mx r 00010 spa d
010 _a90522
011 _a91494
020 _a9702406935
035 _a102053
040 _cCHAP
082 0 4 _a338.972
_bD3
100 0 0 _aDamm Arnal, Arturo.
_931002
245 1 4 _aLas reformas estructurales que México necesita
_c/coord. por Arturo Damm Arnal y Adolfo Gutiérrez Chávez
260 _aMéxico, D.F. :
_bCompañía Editorial Continental,
_c2005.
300 _a211 p.
590 _aBATCH-UPD
_b10
_c20130110
_lUCH01
_h0624
590 _aBATCH-UPD
_b10
_c20130410
_lUCH01
_h0307
590 _aBATCH-UPD
_b10
_c20130914
_lUCH01
_h0821
590 _aCONVERSION
_b10
_c20130109
_lUCH01
_h1350
650 0 4 _aCambio estructural.
_917784
650 0 4 _aComercio internacional.
_925641
650 0 4 _aDesarrollo económico.
650 0 4 _aDesarrollo social.
650 0 4 _aFinanzas públicas
_zMéxico.
_940975
650 0 4 _aMacroeconomía.
_969550
650 0 4 _aPolítica económica
_zMéxico.
_990535
650 0 4 _aPolítica fiscal.
_990562
650 0 4 _aTratado Trilateral de Libre Comercio.
700 0 _aGutiérrez Chávez, Adolfo.
_951650
901 _aBK
905 _aAlejandra Carrasco M.
942 _cLIBRO
949 _a338.972 D3
_bBC
_cLIBRO
_d33724000957494
_eLIBRO
_h105776
_i102053
_kI.Don.
_si
999 _c90522
_d90522